Programming microprocessor interfaces for control and instrumentation /

Guardado en:
Autor Principal: Andrews, Michael, 1940-
Formato: Libro
Idioma:English
Publicado: Englewood Cliffs, NJ : Prentice-Hall, c1982.
Materias:
Etiquetas: Agregar Etiqueta
Sin Etiquetas, Sea el primero en etiquetar este registro!
LEADER 00765pam a22002175a 4500
001 EIQ.libpla003812
008 810424s1982####njua#####b####001#0#eng#d
005 20080319193834.0
245 1 0 |a Programming microprocessor interfaces for control and instrumentation /  |c Michael Andrews. 
260 |a Englewood Cliffs, NJ :  |b Prentice-Hall,  |c c1982. 
300 |a xviii, 361 p. :  |b il. ;  |c 25 cm. 
504 |a Incluye referencias bibliográficas e índice. 
020 |a 0137299966 
020 |z 013900209X 
100 1 |a Andrews, Michael,  |d 1940- 
082 0 0 |a 001.64/04  |2 19 
650 0 |a Microprocesadores  |x Programación. 
650 0 |a Microprocessors  |x Programming. 
010 |a  81005932  
040 |a DLC  |c DLC  |d AR-BbSID 
859 |a AR-BbSID  |b BIB. PLAPIQUI  |h 001.640 4  |i An 27  |p 2220